| 000 -LEADER |
| fixed length control field |
00926nam a2200217Ia 4500 |
| 001 - CONTROL NUMBER |
| control field |
10018 |
| 003 - CONTROL NUMBER IDENTIFIER |
| control field |
GE_BSU |
| 008 - FIXED-LENGTH DATA ELEMENTS--GENERAL INFORMATION |
| fixed length control field |
181216s||||||||xx |||||||||||||| ||und|| |
| 040 ## - CATALOGING SOURCE |
| Transcribing agency |
GE_BSU |
| 080 ## - UNIVERSAL DECIMAL CLASSIFICATION NUMBER |
| Universal Decimal Classification number |
821.353.1–32+821.353.1-32+821.353.1-1+821.353.1-6 |
| 100 ## - MAIN ENTRY--PERSONAL NAME |
| Personal name |
რობაქიძე,გრიგოლ |
| 245 ## - TITLE STATEMENT |
| Title |
შერისხულნი 15 ტომად. ტ.2. ჩემი ცხოვრება.ენგადი. |
| 245 ## - TITLE STATEMENT |
| Remainder of title |
მოთხრობა.ჩაკრული სული.რომანი.ლექსები. წერილები |
| 245 ## - TITLE STATEMENT |
| Statement of responsibility, etc. |
მთ.რედ.გ.ხარჩილავა.რედ. ლ.არაბიძე.მხატვ.სპ.ცინცაძე. |
| 260 ## - PUBLICATION, DISTRIBUTION, ETC. |
| Place of publication, distribution, etc. |
თბილისი |
| 260 ## - PUBLICATION, DISTRIBUTION, ETC. |
| Name of publisher, distributor, etc. |
გამ–ბა "გეა |
| 260 ## - PUBLICATION, DISTRIBUTION, ETC. |
| Date of publication, distribution, etc. |
1994 |
| 300 ## - PHYSICAL DESCRIPTION |
| Extent |
336გვ.20სმ. |
| 653 ## - INDEX TERM--UNCONTROLLED |
| Uncontrolled term |
შერისხულნი |
| 942 ## - ADDED ENTRY ELEMENTS (KOHA) |
| Koha item type |
წიგნი |